000 00633nam a2200193Ii 4500
003 JO-AjNU
008 230605s9999||||xx |||||||||||||| ||und||
040 _aJO-AjNU
_bara
_erda
_cJO-AjNU
041 _aara
050 1 4 _aPN6131.K3982 1986
245 0 0 _aكيف تكتب رسائلك بالإنجليزية
250 _aط1
264 3 1 _aبيروت: دار العلم للملايين، 1986
300 _a160ص
336 _atext
_btxt
_2rdacontent
337 _aunmediated
_bn
_2rdamedia
338 _avolume
_bnc
_2rdacarrier
650 4 _aكتابة الرسائل- الرسائل الانجليزية- المراسلات
_914070
999 _aA3664
_c7232
_d7232